000
00289nam a22001217a 4500
008
171218b xxu||||| |||| 00| 0 eng d
041
_a
eng
080
_a
616-053.2
100
_a
8
101
_a
PED
245
_a
PREGNANCY, CHILDBIRTH, AND THE POSTPARTUM PERIOD
_c
AHEC,W
942
_2
udc
_c
BK
999
_c
39061
_d
39061